| 000 -LEADER |
| fixed length control field |
00791nam a2200241 a 4500 |
| 001 - CONTROL NUMBER |
| control field |
2559 |
| 003 - CONTROL NUMBER IDENTIFIER |
| control field |
BD-DhUAP |
| 005 - DATE AND TIME OF LATEST TRANSACTION |
| control field |
20200303163655.0 |
| 008 - FIXED-LENGTH DATA ELEMENTS--GENERAL INFORMATION |
| fixed length control field |
200303s1980 su ab b 000 0 eng |
| 020 ## - INTERNATIONAL STANDARD BOOK NUMBER |
| International Standard Book Number |
0960116427 |
| 040 ## - CATALOGING SOURCE |
| Original cataloging agency |
DLC |
| Transcribing agency |
DLC |
| Modifying agency |
BD-DhUAP |
| Language of cataloging |
Eng |
| 082 00 - DEWEY DECIMAL CLASSIFICATION NUMBER |
| Classification number |
953 ARA |
| Edition number |
23 |
| 245 00 - TITLE STATEMENT |
| Title |
Aramco and its world : |
| Remainder of title |
Arabia and the Middle East / |
| Statement of responsibility, etc. |
edited by Ismail I. Nawwab, Peter C. Speers and Paul F. Hoye. |
| 260 ## - PUBLICATION, DISTRIBUTION, ETC. |
| Place of publication, distribution, etc. |
Dhahran, Saudi Arabia : |
| Name of publisher, distributor, etc. |
Aramco, |
| Date of publication, distribution, etc. |
c1980. |
| 300 ## - PHYSICAL DESCRIPTION |
| Extent |
xi, 275 pages : |
| Other physical details |
illustrations ; |
| Dimensions |
29 cm. |
| 504 ## - BIBLIOGRAPHY, ETC. NOTE |
| Bibliography, etc. note |
Bibliography: p. 253-261. |
| 650 #0 - SUBJECT ADDED ENTRY--TOPICAL TERM |
| Topical term or geographic name entry element |
Petroleum industry and trade |
| Geographic subdivision |
Saudi Arabia. |
| 651 #0 - SUBJECT ADDED ENTRY--GEOGRAPHIC NAME |
| Geographic name |
Saudi Arabia |
| General subdivision |
Description and travel. |
| 700 1# - ADDED ENTRY--PERSONAL NAME |
| Personal name |
Nawwab, Ismail I. |
| 700 1# - ADDED ENTRY--PERSONAL NAME |
| Personal name |
Speers, Peter C. |
| 700 1# - ADDED ENTRY--PERSONAL NAME |
| Personal name |
Hoye, Paul F. |
| 942 ## - ADDED ENTRY ELEMENTS (KOHA) |
| Source of classification or shelving scheme |
|
| Koha item type |
Book |